The Oasis papers 6 : proceedings of the sixth International Conference of the Dakhleh Oasis Project /

محفوظ في:

مؤلف مشترك: Dakhleh Oasis Project. Conference

مؤلفون آخرون: Bagnall, Roger S., Davoli, Paola., Hope, Colin A., Parr, Bruce E.

التنسيق: كتاب

اللغة: English
French

منشور في: Oxford : Oxbow Books, 2012.

سلاسل: Dakhleh Oasis Project / Monograph ; 15A.
Dakhleh Oasis Project ; 15A.

الموضوعات:

الوسوم: إضافة وسم

لا توجد وسوم, كن أول من يضع وسما على هذه التسجيلة!

رقم الطلب: DT73 .D33 M5 v.15A

LEADER 01757nam a22003857a 4500
003 OSt
005 20251207125049.0
008 251207t2012 enkab g b 100 0 eng d
010 |a 2012039226 
020 |a 9781842175248 (hardcover) 
040 |c ARCE Library 
041 0 |a eng  |a fre 
043 |a f-ua--- 
050 1 4 |a DT73 .D33  |b M5 v.15A 
110 2 |a Dakhleh Oasis Project.   |b Conference   |n (6th :   |d 2009 :   |c Università del Salento). 
245 1 4 |a The Oasis papers 6 :   |b proceedings of the sixth International Conference of the Dakhleh Oasis Project /  |c edited by Roger S. Bagnall, Paola Davoli and Colin A. Hope ; production editor, Bruce E. Parr. 
264 1 |a Oxford :   |b Oxbow Books,   |c 2012. 
300 |a 499 pages :   |b illustrations, maps ;   |c 31 cm. 
490 1 |a Dakhleh Oasis Project / Monograph ;   |v 15A. 
490 1 |a Dakhleh Oasis Project ;   |v 15A. 
500 |a "This volume contains the proceedings of the Sixth International Conference of the Dakhleh Oasis Project held in Lecce in 2009 plus one paper that was to have appeared in the proceedings of the previous conference held in Cairo, which is still being prepared for publication"--Preface. 
504 |a  Includes bibliographical references. 
546 |a English with one contribution in French. 
610 2 0 |a Dakhleh Oasis Project  |v Congresses. 
650 0 |a Excavations (Archaeology)  |z Egypt  |z Dakhla Oasis  |v Congresses. 
651 0 |a Dakhla Oasis (Egypt)  |x Antiquities  |v Congresses. 
700 1 |a Bagnall, Roger S. 
700 1 |a Davoli, Paola.  |9 28738 
700 1 |a Hope, Colin A. 
700 1 |a Parr, Bruce E. 
830 0 |a Dakhleh Oasis Project / Monograph ;   |v 15A. 
830 0 |a Dakhleh Oasis Project ;   |v 15A. 
901 |a reviewed 
942 |c BK  |2 lcc 
999 |c 27891  |d 27891